[Event "Clutch Chess International - Semifinali"]
[Site "Internet"]
[Date "11.06.2020"]
[Round "S06"]
[White "Aronian, Levon"]
[Black "Carlsen, Magnus"]
[Result "1/2-1/2"]
[WhiteTitle "GM"]
[BlackTitle "GM"]
[WhiteElo "2778"]
[BlackElo "2881"]
[EventDate "2020.06.06"]

1. e4 c5 2. Nf3 Nc6 3. Bb5 e6 4. O-O Nge7 5. d4 cxd4 6. Nxd4 Qb6 7. Nxc6
bxc6 8. Be2 Ng6 9. c4 Be7 10. Nc3 O-O 11. b3 c5 12. f4 Bb7 13. Bd3 d5 14.
e5 Nh4 15. g3 d4 16. Ne4 Nf5 17. g4 Ne3 18. Bxe3 dxe3 19. Qe2 Qc6 20. Ng3
f5 21. exf6 Bxf6 22. Be4 Qc7 23. Rad1 Bxe4 24. Nxe4 Bd4 25. b4 e5 26. f5
cxb4 27. Ng5 Rac8 28. Rc1 Qc6 29. c5 Qd5 30. Ne6 Rf6 31. h3 a5 32. Kh2 Rxe6
33. fxe6 Qxe6 34. c6 h6 35. g5 hxg5 36. c7 a4 37. Qb5 Qxa2+ 38. Kg3 e2 39.
Qd7 exf1=N+ 40. Rxf1 Rxc7 41. Qe8+ Kh7 42. Qh5+ Kg8 43. Qe8+ Kh7 44. Qh5+
Kg8 45. Qe8+ 1/2-1/2

[Event "Clutch Chess International - Semifinali"]
[Site "Internet"]
[Date "11.06.2020"]
[Round "S06"]
[White "So, Wesley"]
[Black "Caruana, Fabiano"]
[Result "1/2-1/2"]
[WhiteTitle "GM"]
[BlackTitle "GM"]
[WhiteElo "2741"]
[BlackElo "2773"]
[EventDate "2020.06.06"]

1. e4 c5 2. Nf3 e6 3. d4 cxd4 4. Nxd4 Nc6 5. Nc3 Qc7 6. g3 a6 7. Bg2 d6 8.
O-O Bd7 9. Nxc6 Bxc6 10. a4 Nf6 11. a5 Be7 12. Be3 O-O 13. Bb6 Qc8 14. Re1
Nd7 15. Bd4 Re8 16. Qd2 Qc7 17. Na4 Bxa4 18. Rxa4 Rac8 19. c3 Bf6 20. Rd1
Bxd4 21. cxd4 Nf6 22. h3 h5 23. Bf3 h4 24. gxh4 e5 25. Rb4 Rcd8 26. Qc3 Qe7
27. Qb3 Rd7 28. dxe5 Qxe5 29. Rxb7 Qxa5 30. Qb4 Qxb4 31. Rxb4 a5 32. Rbd4
Rb7 33. R1d2 Rbb8 34. Bg2 g6 35. Kh2 Kg7 36. h5 Nxh5 37. Rxd6 Nf4 38. Ra6
Re5 39. Ra7 Rb6 40. Rdd7 Rf6 41. Rd2 Rb6 42. Rdd7 Rf6 43. Rd2 Rc5 44. Bf1
Ne6 45. Bg2 Kh6 46. Rad7 Nf4 47. Ra7 Kg7 48. Bf1 Ne6 49. Bg2 Nf4 1/2-1/2

[Event "Clutch Chess International - Semifinali"]
[Site "Internet"]
[Date "12.06.2020"]
[Round "S07"]
[White "Aronian, Levon"]
[Black "Carlsen, Magnus"]
[Result "0-1"]
[WhiteTitle "GM"]
[BlackTitle "GM"]
[WhiteElo "2778"]
[BlackElo "2881"]
[EventDate "2020.06.06"]

1. e4 Nc6 2. Nf3 d5 3. exd5 Qxd5 4. Nc3 Qa5 5. Bb5 Bd7 6. O-O a6 7. Ba4 Nf6
8. d3 O-O-O 9. Ng5 Bg4 10. Qd2 Bh5 11. Bxc6 bxc6 12. Qe1 h6 13. Nge4 e6 14.
Bd2 Be7 15. b3 Bg6 16. Na4 Qd5 17. Ng3 c5 18. Be3 Ng4 19. Qa5 Nxe3 20.
Qxa6+ Qb7 21. Qxb7+ Kxb7 22. fxe3 Ra8 23. Rf4 Bg5 24. Rf3 c4 25. dxc4 Kc6
26. Ne2 Rxa4 27. bxa4 Ra8 28. Nd4+ Kc5 29. Nb3+ Kxc4 30. h4 Bf6 31. Rd1 Be5
32. a5 Bh5 33. Rd7 Bxf3 34. gxf3 Rf8 35. f4 Bd6 36. a6 Ra8 37. Rxf7 Rxa6
38. Rxg7 Rxa2 39. Rg2 e5 40. f5 Kc3 41. Nd2 Ra1+ 42. Kh2 Kxc2 43. Ne4+ Kd3
44. Nxd6 cxd6 45. Rg6 d5 46. Rxh6 Kxe3 47. h5 d4 48. Re6 e4 49. f6 d3 50.
Kg2 d2 0-1

[Event "Clutch Chess International - Semifinali"]
[Site "Internet"]
[Date "12.06.2020"]
[Round "S07"]
[White "So, Wesley"]
[Black "Caruana, Fabiano"]
[Result "0-1"]
[WhiteTitle "GM"]
[BlackTitle "GM"]
[WhiteElo "2741"]
[BlackElo "2773"]
[EventDate "2020.06.06"]

1. d4 d5 2. c4 c6 3. Nf3 Nf6 4. Nc3 dxc4 5. a4 Bf5 6. e3 e6 7. Bxc4 Bb4 8.
O-O O-O 9. Qe2 Bg6 10. Ne5 Nbd7 11. Nxg6 hxg6 12. Rd1 Qc7 13. Bd2 a5 14.
Rac1 Rad8 15. Ba2 Nb6 16. Be1 e5 17. dxe5 Qxe5 18. g3 Nbd7 19. Qc2 Qh5 20.
Bc4 Ne5 21. Be2 Qh3 22. f3 g5 23. Ne4 Qf5 24. Bxb4 axb4 25. Nxf6+ Qxf6 26.
Kg2 Ng6 27. Qb3 Qe7 28. a5 Rfe8 29. Rxd8 Rxd8 30. Rd1 Rxd1 31. Bxd1 Qc5 32.
Qd3 Qxa5 33. Bb3 Nf8 34. Qc4 Ne6 35. Qe4 Qa1 36. Bxe6 Qxb2+ 37. Kh3 fxe6
38. Qxe6+ Kf8 39. Qc8+ Ke7 40. Qxb7+ Kd6 41. e4 Qc3 42. Qb8+ Kc5 43. e5
Qxf3 44. Qd6+ Kc4 45. e6 Qf5+ 46. Kg2 Qe4+ 47. Kh3 b3 48. e7 b2 49. Qd1 Kc3
50. e8=Q Qxe8 51. Qf3+ Kb4 52. Qg4+ Ka3 53. Qf3+ Ka2 0-1

[Event "Clutch Chess International - Semifinali"]
[Site "Internet"]
[Date "12.06.2020"]
[Round "S08"]
[White "Carlsen, Magnus"]
[Black "Aronian, Levon"]
[Result "1-0"]
[WhiteTitle "GM"]
[BlackTitle "GM"]
[WhiteElo "2881"]
[BlackElo "2778"]
[EventDate "2020.06.06"]

1. c4 Nf6 2. Nc3 e5 3. g3 Bb4 4. e4 O-O 5. Nge2 d6 6. h3 Nc6 7. Bg2 a6 8.
O-O b5 9. d3 bxc4 10. dxc4 Bc5 11. Kh2 Rb8 12. b3 a5 13. Nd5 a4 14. Be3
axb3 15. axb3 Bxe3 16. fxe3 Nd7 17. Nec3 Nc5 18. Nb5 Ne6 19. h4 Bd7 20. Bh3
Rb7 21. b4 Ne7 22. Ra2 Nc8 23. Ra8 Kh8 24. Qh5 Qe8 25. Bf5 h6 26. Bh3 c6
27. Nxd6 Nxd6 28. Rxe8 Rxe8 29. Nf6 Re7 30. c5 Nc4 31. Nxd7 Rbxd7 32. Rxf7
Rxf7 33. Bxe6 Rf2+ 34. Kh3 1-0

[Event "Clutch Chess International - Semifinali"]
[Site "Internet"]
[Date "12.06.2020"]
[Round "S08"]
[White "Caruana, Fabiano"]
[Black "So, Wesley"]
[Result "1-0"]
[WhiteTitle "GM"]
[BlackTitle "GM"]
[WhiteElo "2773"]
[BlackElo "2741"]
[EventDate "2020.06.06"]

1. d4 Nf6 2. c4 g6 3. Nc3 d5 4. cxd5 Nxd5 5. e4 Nxc3 6. bxc3 Bg7 7. Bc4 c5
8. Ne2 Nc6 9. Be3 O-O 10. O-O b6 11. Qd2 Bb7 12. Rfd1 Rc8 13. Rac1 e6 14.
Bg5 Qd7 15. h4 Na5 16. Bd3 cxd4 17. cxd4 Rxc1 18. Rxc1 Rc8 19. Rxc8+ Bxc8
20. h5 Nc6 21. h6 Bf8 22. Bb5 a6 23. Ba4 b5 24. Bb3 Bb7 25. d5 exd5 26.
Bxd5 Ne5 27. Bxb7 Qxb7 28. Nc3 Ng4 29. Nd5 f6 30. Qd1 fxg5 31. Qxg4 Bxh6
32. Qe6+ Qf7 33. Qxa6 Bg7 34. Qxb5 Bd4 35. Qe2 g4 36. g3 h5 37. Kg2 Kg7 38.
a4 Qa7 39. Qc2 Kh6 40. Qd2+ g5 41. a5 Bc5 42. Qc3 1-0

[Event "Clutch Chess International - Semifinali"]
[Site "Internet"]
[Date "12.06.2020"]
[Round "S09"]
[White "Aronian, Levon"]
[Black "Carlsen, Magnus"]
[Result "1/2-1/2"]
[WhiteTitle "GM"]
[BlackTitle "GM"]
[WhiteElo "2778"]
[BlackElo "2881"]
[EventDate "2020.06.06"]

1. e4 c5 2. Nf3 Nc6 3. Bb5 e6 4. O-O Nge7 5. Re1 Nd4 6. Nxd4 cxd4 7. c3 Nc6
8. d3 a6 9. Bxc6 dxc6 10. cxd4 Qxd4 11. Be3 Qd8 12. d4 Be7 13. Nd2 O-O 14.
Rc1 f5 15. f4 Bb4 16. Qb3 a5 17. a3 Bxd2 18. Bxd2 Qxd4+ 19. Be3 a4 20.
Qxe6+ Bxe6 21. Bxd4 fxe4 22. Rxe4 Bd5 23. Re7 Rf7 24. Rce1 Raf8 25. Rxf7
Kxf7 26. Bc5 Re8 27. Rxe8 Kxe8 28. Kf2 h5 29. h3 g6 30. g4 hxg4 31. hxg4
Be6 32. f5 gxf5 33. gxf5 Bxf5 34. Ke3 Bc2 35. Kd4 Bb3 36. Bb6 Kd7 37. Kc5
Bd5 38. Ba5 Bb3 39. Bb6 Bd5 40. Ba5 Bb3 41. Bb6 1/2-1/2

[Event "Clutch Chess International - Semifinali"]
[Site "Internet"]
[Date "12.06.2020"]
[Round "S09"]
[White "So, Wesley"]
[Black "Caruana, Fabiano"]
[Result "1-0"]
[WhiteTitle "GM"]
[BlackTitle "GM"]
[WhiteElo "2741"]
[BlackElo "2773"]
[EventDate "2020.06.06"]

1. d4 d5 2. Bf4 Bf5 3. e3 e6 4. c4 Nf6 5. Nc3 Bb4 6. Qa4+ Nc6 7. Nf3 O-O 8.
Rc1 dxc4 9. Bxc4 Nd5 10. Bxd5 exd5 11. O-O a6 12. Qb3 Be6 13. Na4 Rb8 14.
Bxc7 Qxc7 15. Qxb4 Nxb4 16. Rxc7 Rfc8 17. Rxc8+ Rxc8 18. a3 Nd3 19. b4 Rc2
20. Nc5 Nxc5 21. bxc5 Bf5 22. Ra1 f6 23. h3 Rb2 24. g4 Bd3 25. Kg2 Kf7 26.
g5 a5 27. Kg3 a4 28. h4 Ke6 29. Ne1 Bc4 30. Ng2 Kd7 31. Nf4 b6 32. Nh5 fxg5
33. hxg5 bxc5 34. dxc5 g6 35. Nf6+ Kc6 36. Nxh7 Kxc5 37. Nf8 Bd3 38. Ne6+
Kd6 39. Nf4 Bb1 40. Ne2 Rb3 41. Nd4 Rb2 42. Ne2 Rb3 43. Kf4 Kc5 44. Nc3
Rxc3 45. Rxb1 Rxa3 46. Ke5 Ra2 47. f4 Re2 48. Kf6 Rxe3 49. Kxg6 a3 50. f5
Kc4 51. f6 a2 52. Ra1 Kb3 53. f7 Rf3 54. Kg7 d4 55. f8=Q Rxf8 56. Kxf8 Kb2
57. Rxa2+ Kxa2 58. g6 1-0

[Event "Clutch Chess International - Semifinali"]
[Site "Internet"]
[Date "12.06.2020"]
[Round "S10"]
[White "Carlsen, Magnus"]
[Black "Aronian, Levon"]
[Result "1/2-1/2"]
[WhiteTitle "GM"]
[BlackTitle "GM"]
[WhiteElo "2881"]
[BlackElo "2778"]
[EventDate "2020.06.06"]

1. Nf3 d5 2. g3 Nf6 3. Bg2 e6 4. O-O Be7 5. d3 O-O 6. Nbd2 a5 7. e4 a4 8.
a3 c5 9. Re1 Nc6 10. e5 Nd7 11. Nf1 f6 12. exf6 Nxf6 13. c3 Bd6 14. d4 cxd4
15. cxd4 Bd7 16. Ne5 Bxe5 17. dxe5 Ne4 18. f4 Be8 19. Bxe4 dxe4 20. Qxd8
Rxd8 21. Be3 Rd5 22. Rac1 g5 23. Bc5 Rf7 24. Rxe4 gxf4 25. gxf4 Na5 26. Bb4
Bc6 27. Re3 Nb3 28. Rg3+ Kh8 29. Re1 Nd4 30. Ne3 Rdd7 31. f5 Nxf5 32. Nxf5
Rxf5 33. Rf1 Rxf1+ 34. Kxf1 Rg7 35. Rxg7 Kxg7 36. Ke2 Kg6 37. Be1 Kf5 38.
Bg3 Ke4 39. Kd2 Kd4 40. Kc2 Be4+ 41. Kd2 Bc6 42. Bf4 Be4 43. Bg3 Bc6
1/2-1/2

[Event "Clutch Chess International - Semifinali"]
[Site "Internet"]
[Date "12.06.2020"]
[Round "S10"]
[White "Caruana, Fabiano"]
[Black "So, Wesley"]
[Result "1-0"]
[WhiteTitle "GM"]
[BlackTitle "GM"]
[WhiteElo "2773"]
[BlackElo "2741"]
[EventDate "2020.06.06"]

1. e4 c6 2. d4 d5 3. Nd2 dxe4 4. Nxe4 Bf5 5. Ng3 Bg6 6. h4 h6 7. Nf3 Nd7 8.
Bd3 Bxd3 9. Qxd3 e6 10. Bd2 Ngf6 11. O-O-O Be7 12. Kb1 O-O 13. Ne4 Nxe4 14.
Qxe4 Nf6 15. Qe2 Qd5 16. Ne5 Qe4 17. Be3 Nd5 18. Qd3 Qxd3 19. Rxd3 Nxe3 20.
fxe3 h5 21. Rb3 Bd6 22. Nc4 Bg3 23. Rh3 Bf2 24. Rxb7 Rfb8 25. Rxb8+ Rxb8
26. Ne5 1-0

[Event "Clutch Chess International - Semifinali"]
[Site "Internet"]
[Date "12.06.2020"]
[Round "S11"]
[White "Aronian, Levon"]
[Black "Carlsen, Magnus"]
[Result "1/2-1/2"]
[WhiteTitle "GM"]
[BlackTitle "GM"]
[WhiteElo "2778"]
[BlackElo "2881"]
[EventDate "2020.06.06"]

1. e4 c5 2. Nf3 Nc6 3. Bb5 e6 4. O-O Nge7 5. Re1 a6 6. Bf1 d5 7. exd5 Nxd5
8. d4 Nf6 9. Be3 Be7 10. c4 O-O 11. Nc3 cxd4 12. Nxd4 Ne5 13. h3 Bd7 14.
Bf4 Ng6 15. Bg3 Qb6 16. Nb3 Bc6 17. Qd4 Qb4 18. Rad1 a5 19. Bd6 Bxd6 20.
Qxd6 Rfd8 21. Qxd8+ Rxd8 22. Rxd8+ Nf8 23. Rd2 a4 24. Nc1 a3 25. Nd3 Qxc4
26. Rc1 axb2 27. Rxb2 Qd4 28. Nb5 Bxb5 29. Rxb5 b6 30. a4 Nd5 31. a5 bxa5
32. Rxa5 g5 33. Rac5 Ng6 34. R5c4 Qa7 35. Nb4 Nxb4 36. Rxb4 Kg7 37. Rb5 Kf6
38. Rc3 h6 39. Rf3+ Kg7 40. g3 Ne7 41. Re5 Nc6 42. Re4 Qc5 43. h4 Nd4 44.
Rd3 e5 45. hxg5 hxg5 46. Rexd4 exd4 47. g4 Kf6 48. Rf3+ Ke7 49. Rg3 Qc1 50.
Kg2 Qc6+ 51. Kg1 Qc1 52. Kg2 Qd1 53. Bd3 Kd6 54. Bf5 Kc5 55. Rh3 Kc4 56.
Rg3 d3 57. Rxd3 Qxd3 58. Bxd3+ Kxd3 59. f4 gxf4 60. Kf3 f6 61. Kxf4 Ke2 62.
g5 fxg5+ 63. Kxg5 1/2-1/2

[Event "Clutch Chess International - Semifinali"]
[Site "Internet"]
[Date "12.06.2020"]
[Round "S11"]
[White "So, Wesley"]
[Black "Caruana, Fabiano"]
[Result "0-1"]
[WhiteTitle "GM"]
[BlackTitle "GM"]
[WhiteElo "2741"]
[BlackElo "2773"]
[EventDate "2020.06.06"]

1. d4 d5 2. c4 c6 3. cxd5 cxd5 4. Bf4 Nf6 5. e3 Nc6 6. Bd3 Bg4 7. f3 Bh5 8.
Qb3 Qd7 9. Ne2 e6 10. Nd2 Bg6 11. Bb5 Be7 12. Rc1 O-O 13. Kf2 Rfc8 14. Qa4
a6 15. Bxc6 bxc6 16. Nb3 Qb7 17. Rhd1 a5 18. Rd2 Bb4 19. Nc5 Qb6 20. Qd1
Bxd2 21. Qxd2 Qd8 22. Nc3 Nh5 23. Bg3 Nxg3 24. hxg3 Qe7 25. Ne2 f6 26. Na4
Ra7 27. Nf4 Be8 28. Rc5 Rca8 29. Qc3 Qd6 30. Nd3 Qd8 31. Nf4 Bd7 32. Qa3
Rb8 33. Rc3 Qf8 34. Rc5 e5 35. Ne2 Qd6 36. Qc3 Rb5 37. b3 h6 38. Nc1 Ra8
39. Nd3 Re8 40. Qb2 e4 41. Nf4 g5 42. Ne2 exf3 43. gxf3 Qe6 44. Rc3 Qh3 45.
Kg1 h5 46. Qb1 Kg7 47. Nc5 h4 48. Qf1 Qxf1+ 49. Kxf1 Bf5 50. g4 Bg6 51. Kf2
Re7 52. Na4 Rc7 53. Nc5 Re7 54. Na4 Rb8 55. Ng1 f5 56. gxf5 Bxf5 57. Rxc6
Rbe8 58. Rc3 h3 59. Ne2 h2 60. Ng3 Bh3 61. Nb6 Be6 62. Kg2 Rh8 63. e4 dxe4
64. fxe4 Rf7 65. d5 Bg4 66. e5 Rf4 67. e6 Bf5 68. Rc1 Bh3+ 69. Kxh2 Bxe6+
70. Kg1 Bf7 71. d6 Rg4 72. Kg2 Bg6 73. d7 Rd4 74. Rc8 Rxd7 75. Rxh8 Rd2+
76. Kf3 Kxh8 77. a4 Bf7 78. Ne4 Rd3+ 79. Ke2 Rxb3 80. Nd7 Bc4+ 81. Kd2 Rd3+
0-1

[Event "Clutch Chess International - Semifinali"]
[Site "Internet"]
[Date "12.06.2020"]
[Round "S12"]
[White "Carlsen, Magnus"]
[Black "Aronian, Levon"]
[Result "1/2-1/2"]
[WhiteTitle "GM"]
[BlackTitle "GM"]
[WhiteElo "2881"]
[BlackElo "2778"]
[EventDate "2020.06.06"]

1. e4 e5 2. Nf3 Nc6 3. Bb5 Nf6 4. O-O Nxe4 5. Re1 Nd6 6. Nxe5 Be7 7. Bf1
Nxe5 8. Rxe5 O-O 9. d4 Bf6 10. Re1 Re8 11. c3 Rxe1 12. Qxe1 Ne8 13. Bf4 d5
14. Bd3 g6 15. Nd2 Ng7 16. Nf3 c6 17. Qe2 Nh5 18. Bh6 Bg4 19. Re1 Bxf3 20.
Qxf3 Bg5 21. Bxg5 Qxg5 22. g3 Rf8 23. h4 Qd8 24. Qe3 Nf6 25. Qe7 Re8 26.
Qxd8 Rxd8 27. Re7 Rd7 28. Re5 Kf8 29. Kg2 Ng4 30. Re2 Re7 31. Kf3 Nf6 32.
Rxe7 Kxe7 33. Kf4 h6 34. g4 Ne8 35. g5 hxg5+ 36. hxg5 Kd6 37. Kg4 Ng7 38.
f4 Ke6 39. b4 b5 40. Bc2 f5+ 41. Kf3 Ne8 42. Ke3 Nd6 43. Bd1 Ne4 44. Kd3
Nf2+ 45. Kd2 Nxd1 46. Kxd1 Kd7 47. Kc2 Kc7 48. Kb3 Kb6 49. a3 a6 50. Kb2
Kb7 51. Kb1 Kb8 52. Kb2 Kb7 53. Kb1 Kb8 54. Kb2 Kb7 1/2-1/2

[Event "Clutch Chess International - Semifinali"]
[Site "Internet"]
[Date "12.06.2020"]
[Round "S12"]
[White "Caruana, Fabiano"]
[Black "So, Wesley"]
[Result "1/2-1/2"]
[WhiteTitle "GM"]
[BlackTitle "GM"]
[WhiteElo "2773"]
[BlackElo "2741"]
[EventDate "2020.06.06"]

1. d4 Nf6 2. c4 e6 3. Nc3 Bb4 4. e3 O-O 5. Bd3 c5 6. Nf3 d5 7. O-O cxd4 8.
exd4 dxc4 9. Bxc4 b6 10. Qe2 Bb7 11. Rd1 h6 12. Bf4 Bxc3 13. bxc3 Nd5 14.
Bd2 Qc7 15. Rac1 Nd7 16. Bb5 Bc6 17. Bxc6 Qxc6 18. c4 N5f6 19. Bc3 Rfe8 20.
h3 Rac8 21. Bb2 Rc7 22. Rc3 Qa4 23. Rdc1 Rec8 24. Ra3 Qb4 25. Rb3 Qa4 26.
Ra3 Qb4 27. Rb3 Qa4 28. Ra3 1/2-1/2

[Event "Clutch Chess International - Finale"]
[Site "Internet"]
[Date "13.06.2020"]
[Round "F01"]
[White "Carlsen, Magnus"]
[Black "Caruana, Fabiano"]
[Result "1/2-1/2"]
[WhiteTitle "GM"]
[BlackTitle "GM"]
[WhiteElo "2863"]
[BlackElo "2835"]
[WhiteFideId "1503014"]
[BlackFideId "2020009"]
[EventDate "2020.06.06"]

1. c4 e5 2. Nc3 Nf6 3. g3 Bb4 4. e4 Bxc3 5. bxc3 O-O 6. f3 Re8 7. Kf2 c6 8. d4
d5 9. cxd5 cxd5 10. dxe5 Rxe5 11. c4 d4 12. Ne2 Nc6 13. Nf4 Nd7 14. Nd5 Re8 15.
Bf4 Nde5 16. Bxe5 Rxe5 17. Bd3 f5 18. Re1 fxe4 19. Bxe4 Bf5 20. Bxf5 Rxf5 21. f4
Qd7 22. Rb1 Raf8 23. Kg1 R5f7 24. Rb2 Re8 25. Rbe2 Rff8 26. a4 Qf7 27. Qd3 Rxe2
28. Qxe2 Rd8 29. Qe4 g6 30. g4 Kf8 31. Kf2 Kg7 32. Kg3 Kf8 33. h3 a6 34. Kf3 Kg7
35. Qe6 Qxe6 36. Rxe6 Kf7 37. f5 gxf5 38. gxf5 Rg8 39. Rh6 Kg7 40. Rd6 Rf8 41.
Kf4 d3 42. Nc7 Rc8 43. Ne6+ Kf7 44. Rxd3 Ne7 45. Ng5+ Ke8 46. Ke5 Rc5+ 47. Ke6
Nxf5 48. Ne4 Ng7+ 49. Kd6 Rxc4 50. Ke5 Rxa4 51. Nd6+ Ke7 52. Nxb7 Rh4 53. Ra3
Rh6 54. Nc5 Rh5+ 55. Kd4 a5 56. Rxa5 Ne6+ 57. Kc4 Nxc5 58. Rxc5 Rxh3 59. Kd4 Kf6
60. Ke4 Kg6 61. Kf4 Rh5 62. Rxh5 Kxh5 63. Kg3 Kg5 64. Kh2 Kh5 65. Kh1 Kg5 66.
Kg1 Kh5 67. Kh1 1/2-1/2

[Event "Clutch Chess International - Finale"]
[Site "Internet"]
[Date "13.06.2020"]
[Round "F02"]
[White "Caruana, Fabiano"]
[Black "Carlsen, Magnus"]
[Result "1/2-1/2"]
[WhiteTitle "GM"]
[BlackTitle "GM"]
[WhiteElo "2835"]
[BlackElo "2863"]
[WhiteFideId "2020009"]
[BlackFideId "1503014"]
[EventDate "2020.06.06"]

1. e4 e5 2. Nf3 Nc6 3. Bb5 Nf6 4. d3 Bc5 5. c3 O-O 6. O-O d6 7. h3 a6 8. Ba4 b5
9. Bc2 Bb6 10. a4 Bd7 11. Re1 Ne7 12. Nbd2 Ng6 13. Nf1 h6 14. Ng3 Re8 15. d4
bxa4 16. Bxa4 exd4 17. cxd4 Bxa4 18. Qxa4 Qd7 19. Qxd7 Nxd7 20. Be3 d5 21. exd5
Nf6 22. d6 cxd6 23. Nf5 Re6 24. Rec1 Bd8 25. Bd2 d5 26. Ne1 Ne4 27. Be3 Ne7 28.
Nxe7+ Bxe7 29. Nd3 Rb6 30. Kf1 Rb5 31. Rc2 Bf6 32. b4 Be7 33. Ra4 Rab8 34. Bf4
R8b7 35. f3 Ng5 36. Bxg5 hxg5 37. Rxa6 Bxb4 38. Nxb4 Rxb4 39. Rd2 Rb1+ 40. Kf2
R7b2 41. Ra2 Rxa2 42. Rxa2 Rd1 43. Ke3 f5 44. f4 gxf4+ 45. Kxf4 Rxd4+ 46. Kxf5
Kh7 47. g4 Rd1 48. Kg5 d4 49. Ra4 d3 50. Rd4 d2 51. h4 Ra1 52. Rxd2 Ra5+ 53. Kf4
g5+ 54. hxg5 Kg6 55. Rd6+ Kg7 56. Re6 Rb5 57. Re5 Rb1 58. Re6 Rf1+ 59. Kg3 Rg1+
60. Kf3 Rf1+ 61. Kg2 Ra1 62. g6 Ra3 63. Kf2 Rb3 64. Re3 Rxe3 65. Kxe3 Kxg6 66.
g5 Kxg5 1/2-1/2

[Event "Clutch Chess International - Finale"]
[Site "Internet"]
[Date "13.06.2020"]
[Round "F03"]
[White "Carlsen, Magnus"]
[Black "Caruana, Fabiano"]
[Result "1-0"]
[WhiteTitle "GM"]
[BlackTitle "GM"]
[WhiteElo "2863"]
[BlackElo "2835"]
[WhiteFideId "1503014"]
[BlackFideId "2020009"]
[EventDate "2020.06.06"]

1. d4 Nf6 2. Bf4 d5 3. e3 c5 4. Nf3 Nc6 5. Nbd2 Nh5 6. dxc5 Nxf4 7. exf4 Qa5 8.
Bd3 Qxc5 9. O-O g6 10. Nb3 Qd6 11. Qd2 Bg7 12. c3 O-O 13. Rfe1 Bg4 14. Qe3 Bxf3
15. Qxf3 e6 16. h4 h5 17. g3 Rfe8 18. Rad1 a6 19. Nd2 b5 20. Ne4 Qd7 21. Ng5
Rad8 22. Bc2 b4 23. Ba4 bxc3 24. bxc3 Qc8 25. f5 gxf5 26. c4 Nd4 27. Rxd4 Bxd4
28. Bxe8 Rxe8 29. Qxh5 Qc7 30. cxd5 Re7 31. dxe6 f6 32. Qg6+ Kf8 33. Nf3 Bc3 34.
Rc1 Rxe6 35. Nd4 Rb6 36. Qh6+ Kg8 37. Qe3 1-0

[Event "Clutch Chess International - Finale"]
[Site "Internet"]
[Date "13.06.2020"]
[Round "F04"]
[White "Caruana, Fabiano"]
[Black "Carlsen, Magnus"]
[Result "1-0"]
[WhiteTitle "GM"]
[BlackTitle "GM"]
[WhiteElo "2835"]
[BlackElo "2863"]
[WhiteFideId "2020009"]
[BlackFideId "1503014"]
[EventDate "2020.06.06"]

1. e4 c5 2. Nf3 Nc6 3. Bb5 e6 4. Bxc6 bxc6 5. d3 Qc7 6. O-O Ne7 7. h4 e5 8. h5
d6 9. Nh2 Ng8 10. f4 Nf6 11. fxe5 dxe5 12. h6 Be6 13. hxg7 Bxg7 14. Bg5 Nd7 15.
Nd2 h5 16. Qe1 f6 17. Bh4 O-O-O 18. Kh1 Bh6 19. Nc4 Bf4 20. b4 Bxc4 21. dxc4
Rhg8 22. Nf3 cxb4 23. Qxb4 Be3 24. Rab1 a5 25. Qe7 Rde8 26. Qh7 Nc5 27. Qf5+ Qd7
28. Bxf6 Qxf5 29. exf5 Nd7 30. Rbe1 Nxf6 31. Rxe3 Ng4 32. Re4 Rgf8 33. Ne1 Nh6
34. f6 Ng4 35. Nd3 Nxf6 36. Rxe5 Ng4 37. Rxf8 Rxf8 38. Re1 Rd8 39. Re4 Kc7 40.
g3 Rf8 41. Kg2 Rf5 42. Nf4 Kd6 43. Nxh5 Rxh5 44. Rxg4 Kc5 45. a3 a4 46. Re4 Rh8
47. g4 Rd8 48. g5 Rd2+ 49. Kf3 Rxc2 50. g6 Rc3+ 1-0

[Event "Clutch Chess International - Finale"]
[Site "Internet"]
[Date "13.06.2020"]
[Round "F05"]
[White "Carlsen, Magnus"]
[Black "Caruana, Fabiano"]
[Result "1-0"]
[WhiteTitle "GM"]
[BlackTitle "GM"]
[WhiteElo "2863"]
[BlackElo "2835"]
[WhiteFideId "1503014"]
[BlackFideId "2020009"]
[EventDate "2020.06.06"]

1. e4 e5 2. Nf3 Nf6 3. Nxe5 d6 4. Nf3 Nxe4 5. Nc3 Nxc3 6. dxc3 Be7 7. Be3 O-O 8.
Qd2 Nd7 9. O-O-O Nf6 10. Bd3 Re8 11. Rhe1 Bg4 12. Bg5 Qd7 13. a3 Bf5 14. Nd4
Bxd3 15. Qxd3 Nd5 16. Bxe7 Nxe7 17. h4 Ng6 18. h5 Ne5 19. Qg3 h6 20. Re4 Nc6 21.
Rg4 Nxd4 22. Rxg7+ Kh8 23. cxd4 Qf5 24. f3 Re2 25. Rd2 Rxd2 26. Kxd2 Re8 27. Rg4
Qa5+ 28. Kd1 Qb5 29. Re4 Rxe4 30. fxe4 Qxb2 31. Qe3 Kg7 32. e5 Qb5 33. Qg3+ Kh7
34. Qf3 Qc4 35. Qe4+ Kg7 36. exd6 cxd6 37. Kd2 Qb5 38. Qf3 Qg5+ 39. Kc3 d5 40.
g4 b6 41. Kb2 Kf8 42. a4 Ke7 43. Qe2+ Kd6 44. a5 bxa5 45. Qa6+ Ke7 46. Qxa7+ Kf6
47. Qxa5 Kg7 48. c4 Qxg4 49. Qxd5 f5 50. Qe5+ Kf7 51. c5 f4 52. Qd5+ Kf6 53.
Qd6+ Kg5 54. Qg6+ Kh4 55. Qxg4+ Kxg4 56. c6 f3 57. c7 1-0

[Event "Clutch Chess International - Finale"]
[Site "Internet"]
[Date "13.06.2020"]
[Round "F06"]
[White "Caruana, Fabiano"]
[Black "Carlsen, Magnus"]
[Result "1-0"]
[WhiteTitle "GM"]
[BlackTitle "GM"]
[WhiteElo "2835"]
[BlackElo "2863"]
[WhiteFideId "2020009"]
[BlackFideId "1503014"]
[EventDate "2020.06.06"]

1. e4 c5 2. Nf3 Nc6 3. Bb5 e6 4. Bxc6 bxc6 5. d3 Qc7 6. O-O Ne7 7. h4 e5 8. h5
Ng8 9. Nh2 Nf6 10. f4 Be7 11. Nc3 d6 12. h6 gxh6 13. f5 Rg8 14. Bxh6 c4 15. Kh1
Ba6 16. b3 cxd3 17. cxd3 d5 18. exd5 O-O-O 19. Rc1 Nxd5 20. Qf3 Ba3 21. Ne4 Bxc1
22. Rxc1 Nb4 23. Nc5 Bxd3 24. f6 Bb5 25. a4 Ba6 26. Ng4 Kb8 27. Nxa6+ Nxa6 28.
Nxe5 Qb7 29. Nxc6+ Ka8 30. Nxd8 Rxd8 31. Qe2 Nb8 32. Bf4 Qd5 33. Rc7 Nd7 34. Be3
Nxf6 35. Rxa7+ Kb8 36. Re7 Rd7 37. Bf4+ Kb7 38. Rxd7+ Nxd7 39. b4 Nb6 40. Qe7+
Nd7 41. Qd6 Qxd6 42. Bxd6 Kc6 43. Be7 Nb6 44. a5 Nd5 45. Bf8 Kb5 46. Kh2 f5 47.
Kg3 h5 48. Bc5 Ka6 49. Kh4 Nf4 50. g3 Ne2 51. Bd6 Kb5 52. Kxh5 Nc3 53. Kg6 Ne4
54. Bf4 1-0